| 000 | 01258cam a22002891i 4500 | ||
|---|---|---|---|
| 003 | SA-RiAUC | ||
| 005 | 20241125065131.0 | ||
| 008 | 241124s1991 ku g f000 0 ara c | ||
| 040 |
_aEG-CaDAJ _bara _cSA-RiAUC _erda |
||
| 050 | 4 | _bG43 1991 | |
| 082 | 0 | 4 |
_a891.7 _qSA-RiAUC |
| 090 |
_a891.7 _bغ م ر |
||
| 100 | 1 |
_aالغمري، مكارم أحمد، _d1947- _eمؤلف. |
|
| 245 | 1 | 0 |
_aمؤثرات عربية وإسلامية في الأدب الروسي / _cمكارم الغمري. |
| 264 | 1 |
_aالكويت : _bالمجلس الوطني للثقافة والفنون والآداب، _c1991 |
|
| 300 |
_a342 صفحة ؛ _c20 سم. |
||
| 336 |
_aنص _btxt _2rdacontent _3كتاب |
||
| 337 |
_aبدون وسيط _bn _2rdamedia |
||
| 338 |
_aمجلد _bnc _2rdacarrier |
||
| 490 | 0 |
_aعالم المعرفة / المجلس الوطني للثقافة والفنون والآداب (الكويت) ؛ _v155 |
|
| 650 | 7 |
_aالأدب الروسي _xتأثيرات عربية _2aucsh |
|
| 650 | 7 |
_aالأدب الروسي _xتأثيرات إسلامية _2aucsh |
|
| 650 | 7 |
_aالأدب الروسي _xتاريخ ونقد _yقرن 20 _2aucsh |
|
| 942 |
_2ddc _cBOOK _n0 |
||
| 949 |
_aSA-JeALM _d241124 _umohamedma123 _n1 |
||
| 999 |
_c2755 _d2755 |
||